Poskytovanie cash poolingu na Slovensku
Postavenie hotovosti a peňažných ekvivalentov v rámci využívania cash poolingu. Poskytovanie cash poolingu slovenskými bankami.
Guardado en:
| Autor principal: | |
|---|---|
| Formato: | Capítulo de libro |
| Lenguaje: | eslovaco |
| Materias: | |
| Etiquetas: |
Sin Etiquetas, Sea el primero en etiquetar este registro!
|
MARC
| LEADER | 00000nla a2200000 4500 | ||
|---|---|---|---|
| 001 | 0186461 | ||
| 005 | 20240522094532.1 | ||
| 041 | 0 | |a slo | |
| 044 | |a SK | ||
| 245 | 1 | 0 | |a Poskytovanie cash poolingu na Slovensku |c Alexandra Divincová |
| 520 | |a Postavenie hotovosti a peňažných ekvivalentov v rámci využívania cash poolingu. Poskytovanie cash poolingu slovenskými bankami. | ||
| 610 | 2 | 0 | |a financie |
| 610 | 2 | 0 | |a hotovosť |
| 610 | 2 | 0 | |a likvidita |
| 610 | 2 | 0 | |a riadenie finančné |
| 610 | 2 | 0 | |a banky |
| 610 | 2 | 0 | |a firmy |
| 610 | 2 | 0 | |a podnikanie |
| 100 | 1 | |a Divincová, Alexandra | |